| 000 | 00325nam a2200109Ia 4500 | ||
|---|---|---|---|
| 008 | 220217s9999||||xx |||||||||||||| ||und|| | ||
| 100 | _aMueller, John Paul | ||
| 245 | 0 | _aWindows 2000, com+MTS and MSMQ programming bible | |
| 260 |
_aIDG books _bNew Delhi _c2000 |
||
| 300 |
_aXX1021p _b275 |
||
| 650 | _aPROGRAMMING LANGUAGE | ||
| 999 |
_c170190 _d170190 |
||